The art of property management (Record no. 82833)

MARC details
000 -LEADER
fixed length control field 00843cad a22001935a 4500
001 - CONTROL NUMBER
control field L151660
008 - FIXED-LENGTH DATA ELEMENTS--GENERAL INFORMATION
fixed length control field 101126e20101126xxk 000 0 eng d
035 ## - SYSTEM CONTROL NUMBER
System control number (Sirsi) u151660
041 0# - LANGUAGE CODE
Language code of text/sound track or separate title eng
245 04 - TITLE STATEMENT
Title The art of property management
Medium [electronic resource]
260 ## - PUBLICATION, DISTRIBUTION, ETC.
Date of publication, distribution, etc. 2010
490 #4 - SERIES STATEMENT
Series statement The Negotiator E-newsletter
Volume/sequential designation 26 November 2010
520 ## - SUMMARY, ETC.
Summary, etc. Outlines opportunities for letting agents to build up a portfolio of managed properties including marketing services to potential landlords, allowing landlords to view their accounts on line and rent guarantee schemes.
590 ## - LOCAL NOTE (RLIN)
Local note KA
651 #4 - SUBJECT ADDED ENTRY--GEOGRAPHIC NAME
Geographic name United Kingdom
Chronological subdivision
690 ## - LOCAL SUBJECT ADDED ENTRY--TOPICAL TERM (OCLC, RLIN)
Topical term or geographic name as entry element Residential property
9 (RLIN) 6266
856 40 - ELECTRONIC LOCATION AND ACCESS
Uniform Resource Identifier <a href="https://www.negotiator-magazine.co.uk/article/the-art-of-property-management-1571">https://www.negotiator-magazine.co.uk/article/the-art-of-property-management-1571</a>
Public note View this item free of charge at www.negotiator-magazine.co.uk
942 ## - ADDED ENTRY ELEMENTS (KOHA)
Suppress in OPAC 0
Holdings
Withdrawn status Lost status Source of classification or shelving scheme Damaged status Not for loan Home library Current library Shelving location Date acquired Total Checkouts Full call number Barcode Date last seen Copy number Price effective from Koha item type
    Dewey Decimal Classification     Virtual Virtual Journal article 26/11/2010   ONLINE PUBLICATION 151660-2001 06/08/2019 1 06/08/2019 Journal article